| 000 | 00312 a2200109 4500 | ||
|---|---|---|---|
| 082 | _a624.03 SCO | ||
| 100 | _aScott,J.S. | ||
| 245 |
_a Dictionary of Civil Engineering / _cJ.S.Scott |
||
| 250 | _a4th.ed. | ||
| 260 |
_aNew Delhi : _cCBS Publishers and Distributers, _b1996 |
||
| 300 |
_a533p. : _bill. ; _c24cm |
||
| 650 | _aEngineering dictionary | ||
| 999 |
_c1894 _d1894 |
||